|
|
|
|
| LEADER |
01333nam a2200265 a 4500 |
| 001 |
1524751 |
| 008 |
090531s1991 cauab b 001 0 eng d |
| 010 |
|
|
|a 90020104
|
| 020 |
|
|
|a 0803936907
|
| 020 |
|
|
|a 0803936915 (pbk.)
|
| 040 |
|
|
|a DLC
|c DLC
|d DLC
|
| 082 |
0 |
0 |
|a 382.7/1/0973
|2 20
|
| 245 |
0 |
0 |
|a Enterprise zones :
|b new directions in economic development /
|c edited by Roy E. Green.
|
| 260 |
|
|
|a Newbury Park, Calif. :
|b Sage Publications,
|c c1991.
|
| 300 |
|
|
|a ix, 270 p. :
|b ill., map ;
|c 23 cm.
|
| 490 |
0 |
|
|a Sage focus editions ;
|v 126
|
| 504 |
|
|
|a Includes bibliographical references and indexes.
|
| 541 |
1 |
|
|e 00007229
|
| 650 |
|
0 |
|a Enterprise zones
|z United States.
|
| 700 |
1 |
|
|a Green, Roy E.
|
| 852 |
4 |
|
|a Ayesha Abed Library
|j General Shelf.
|
| 999 |
|
|
|c 1023
|d 1023
|
| 952 |
|
|
|0 0
|1 0
|2 ddc
|4 0
|6 382_710973000000000_ENT_1991
|7 0
|9 930
|a BRACUL
|b BRACUL
|c GEN
|d 2009-06-24
|g 0.00
|l 0
|o 382.710973 ENT
|p 3010007229
|r 2009-06-24
|t 1
|w 2009-06-24
|y BK
|x No price found in the accession register.
|
| 952 |
|
|
|0 0
|1 0
|2 ddc
|4 0
|6 382_710973000000000_ENT
|7 0
|9 53294
|a SCL
|b SCL
|c GEN
|d 2015-03-24
|e Gift: The Asia Foundation
|l 0
|o 382.710973 ENT
|p 3020001729
|r 2015-03-24
|t 2
|w 2015-03-24
|y BK
|
| 952 |
|
|
|0 0
|1 0
|2 ddc
|4 0
|6 382_710973000000000_ENT
|7 0
|9 53295
|a SCL
|b SCL
|c GEN
|d 2015-03-24
|e Gift: The Asia Foundation
|l 0
|o 382.710973 ENT
|p 3020001752
|r 2015-03-24
|t 3
|w 2015-03-24
|y BK
|